[Event "5th Nana Aleksandria Cup"]
[Site "Poti GEO"]
[Date "2010.07.16"]
[Round "6"]
[White "Guramishvili,S"]
[Black "Hussein,AH"]
[Result "0-1"]
[WhiteElo "2298"]
[BlackElo "2373"]

1.d4 d5 2.c4 dxc4 3.e4 Nf6 4.e5 Nd5 5.Bxc4 Nb6 6.Bd3 Nc6 7.Ne2 Bg4 8.f3 Be6
9.Nbc3 Qd7 10.Be3 O-O-O 11.Be4 f5 12.Bxc6 Qxc6 13.Bf2 g6 14.O-O Bh6 15.b3 Kb8
16.Qd3 Nd5 17.Nxd5 Bxd5 18.a4 e6 19.a5 a6 20.Rfb1 Qb5 21.Qc2 Bc6 22.b4 Qd5
23.Nc3 Qc4 24.Qb2 Rxd4 25.Bxd4 Qxd4+ 26.Kh1 Bg7 27.Na4 Qxb2 28.Nxb2 Bxe5
29.Ra3 Bd4 30.Nc4 e5 31.Rd1 Bb5 32.Ne3 Re8 33.Nc2 Ba7 34.h3 Kc8 35.Ne3 c6
36.Rd2 e4 37.f4 Bd3 38.Nc2 Bb8 39.g3 g5 40.Ne1 Bc4 41.Rc3 e3 42.Rd4 Bf7 43.Kg2 gxf4
44.gxf4 Ba7 45.Rd6 Kc7 46.Rh6 Bd5+ 47.Kh2 Re7 48.Rh5 e2 49.Rxf5 Bd4 50.Rc2 Bb3
51.Rc1 Be6 52.Re5 Bxe5 53.fxe5 Bd5 54.Nd3 Rf7 55.Re1 Bc4 56.e6 Bxe6 57.Rxe2 Bxh3
58.Nc5 Bc8 59.Re4 b6 60.axb6+ Kxb6 61.Re8 Rc7 62.Ne4 Kb5 63.Nd6+ Kxb4 64.Nxc8 c5
65.Nb6 Rc6 66.Nd5+ Kb3 67.Rb8+ Kc4 68.Ne3+ Kd4 69.Nf5+ Ke4 70.Ng3+ Kd3 71.Rd8+ Kc2
72.Nf5 Kb2 73.Rb8+ Kc1 74.Ne7 Rc7 75.Nd5 Rd7 76.Nb6 Rd2+ 77.Kg3 Rb2 78.Kf4 c4
79.Rc8 Rxb6 80.Rxc4+ Kb2 81.Rc5 Kb3 82.Ke3 Rd6 83.Rh5 h6 84.Ke2 Kb4 85.Rh4+ Kb5
86.Rh5+ Kb6 87.Rh4 a5 88.Rh5 a4 89.Ke1 Kb7 90.Rh3 Ra6 91.Ra3 Kb6 92.Kd2 Kb5
93.Kc3 h5 94.Kb2 h4 95.Rh3 a3+ 96.Ka2 Ra4 97.Rc3 Rg4 98.Rb3+ Kc5 99.Rxa3 Kd5
100.Kb2 Ke5 101.Kc2 Rd4 102.Rh3 Kf5 103.Kc3 Ra4 104.Rh1 Kg4 105.Kd3 Kf3 106.Rf1+ Kg2
107.Rf8 h3 108.Ke2 Re4+ 109.Kd3 Rg4 110.Ke2 h2 111.Rf2+ Kh3 112.Rf3+ Rg3
113.Rf1 Rg1  0-1

[Event "ZDMI Open"]
[Site "Dresden GER"]
[Date "2010.07.17"]
[Round "8"]
[White "Schmidt,Mau"]
[Black "Thamm,Merlin Jannes"]
[Result "1-0"]
[WhiteElo "1886"]
[BlackElo "1717"]

1.d4 d5 2.c4 dxc4 3.e4 e5 4.Nf3 exd4 5.Bxc4 Nc6 6.O-O Bg4 7.Qb3 Qd7 8.Bb5 Bxf3
9.Qxf3 Bd6 10.Re1 Nge7 11.Nd2 O-O 12.e5 Bb4 13.a3 Bxd2 14.Bxd2 Qe6 15.Bd3 Nd8
16.Qe4 Ng6 17.f4 f5 18.Qxd4 Qb6 19.Qxb6 axb6 20.Bc4+ Kh8 21.Rad1 c5 22.g3 Nc6
23.Bc3 Rad8 24.Rd6 Rxd6 25.exd6 Rd8 26.Bf7 Nf8 27.Re8 Rxe8 28.Bxe8 Nb8 29.Kf2 Nfd7
30.Bf7 Nf6 31.Bxf6 gxf6 32.Be6 Kg7 33.Bxf5 Nc6 34.Bc8 Nd8 35.Ke3  1-0

[Event "XIV Battle Of Senta"]
[Site "Senta SRB"]
[Date "2010.07.20"]
[Round "5"]
[White "Nestorovic,De"]
[Black "Mirkovic,St"]
[Result "1/2-1/2"]
[WhiteElo "2423"]
[BlackElo "2221"]

1.d4 d5 2.c4 dxc4 3.e4 c5 4.Nf3 cxd4 5.Qxd4 Qxd4 6.Nxd4 Bd7 7.Bxc4 Nc6 8.Nxc6 Bxc6
9.Nc3 e6 10.f3 Bc5 11.Ke2 Nf6 12.Be3 Bxe3 13.Kxe3 Ke7 14.Rac1 Rhd8 15.b4 Be8
16.e5 Nd7 17.f4 f6 18.exf6+ gxf6 19.f5 Ne5 20.Bxe6 Rd3+ 21.Kf2 Rad8 22.Rhe1 Rd2+
23.Kg1 Bc6 24.Re2 Rxe2 25.Nxe2 Rd2 26.Nf4 Rd4 27.b5 Rxf4 28.bxc6 Nxc6 29.Rc3 Kd6
30.Rh3 Nd4 31.g3 Re4 32.Rxh7 Re1+ 33.Kf2 Re2+ 34.Kf1 Rb2 35.h4 Ke5 36.h5 Nxf5
37.Bxf5 Kxf5 38.Rg7 Rh2 39.g4+ Kf4 40.a4 f5 41.gxf5 Rxh5 42.Rxb7 Rxf5 43.Rxa7 Ke5+
44.Ke1 Kd4 45.Kd2 Rf2+ 46.Kc1 Kc3 47.Kb1 Kb3  1/2-1/2

[Event "15th Open"]
[Site "Balaguer ESP"]
[Date "2010.07.22"]
[Round "4"]
[White "Bhat,V"]
[Black "Ivanov,Jo"]
[Result "1/2-1/2"]
[WhiteElo "2536"]
[BlackElo "2422"]

1.d4 d5 2.c4 dxc4 3.e4 Nf6 4.e5 Nd5 5.Bxc4 Nb6 6.Bb3 Nc6 7.Be3 Bf5 8.Ne2 e6
9.a3 Qd7 10.Nbc3 O-O-O 11.O-O Kb8 12.Rc1 h5 13.Na4 h4 14.f3 f6 15.Nc5 Bxc5
16.dxc5 Nd5 17.Bxd5 Qxd5 18.Qxd5 Rxd5 19.exf6 gxf6 20.Nf4 Rd7 21.Rfd1 Kc8
22.Rxd7 Kxd7 23.Rd1+ Kc8 24.Kf2  1/2-1/2

[Event "21st Czech Rapid Open"]
[Site "Pardubice CZE"]
[Date "2010.07.22"]
[Round "6"]
[White "Korobov,A"]
[Black "Nabaty,T"]
[Result "1-0"]
[WhiteElo "2657"]
[BlackElo "2523"]

1.d4 d5 2.c4 dxc4 3.e4 e5 4.Nf3 exd4 5.Bxc4 Nc6 6.O-O Be6 7.Bb5 Bc5 8.b4 Bb6
9.a4 a5 10.bxa5 Rxa5 11.Ng5 Bd7 12.Na3 h6 13.Nf3 Ra8 14.Nc4 Bc5 15.Nfe5 Nf6
16.Nxd7 Nxd7 17.Qg4 Qf6 18.Bf4 Rc8 19.e5 Qg6 20.Qxg6 fxg6 21.e6 Ndb8 22.Na5 O-O
23.Nxb7 Be7 24.Bg3 h5 25.h3 h4 26.Bh2 Nd8 27.Nxd8 Rfxd8 28.a5 c6 29.Bd3 c5
30.a6 Nc6 31.a7 c4 32.Bxc4 Ra8 33.Bb5 Nxa7 34.Bd7 Bc5 35.Rfc1 Bb6 36.Bc7 Bxc7
37.Rxc7 d3 38.Rcxa7  1-0

[Event "XXXVI Open"]
[Site "Sitges ESP"]
[Date "2010.07.23"]
[Round "2"]
[White "Cruz,Cr"]
[Black "Draghici Flutur,G"]
[Result "1-0"]
[WhiteElo "2536"]
[BlackElo "2155"]

1.d4 d5 2.c4 dxc4 3.e4 Nc6 4.Nf3 Bg4 5.Bxc4 e6 6.Be3 Nf6 7.Bb5 Nxe4 8.Qa4 Bxf3
9.Bxc6+ bxc6 10.Qxc6+ Ke7 11.gxf3 Nd6 12.Nc3 Rb8 13.d5 Qd7 14.O-O-O Qxc6
15.dxc6 a6 16.Rhe1 f6 17.Nd5+ Kf7 18.Nxc7 Rc8 19.Bb6 Be7 20.Rxe6 Rxc7 21.Rexd6 Rcc8
22.c7 Bxd6 23.Rxd6 Rhe8 24.Kd2 Re6 25.Rd8 Re8 26.Kd3 Ke7 27.Kd4 Ke6 28.b4 h5
29.a4 Kf5 30.b5 Kf4 31.Ba5 axb5 32.axb5 Kxf3 33.Rxc8  1-0

[Event "Andorra Open"]
[Site "La Massana AND"]
[Date "2010.07.24"]
[Round "8"]
[White "Ipatov,A ESP"]
[Black "Zilberman,Y"]
[Result "1/2-1/2"]
[WhiteElo "2507"]
[BlackElo "2441"]

1.d4 d5 2.c4 dxc4 3.e4 Nf6 4.e5 Nd5 5.Bxc4 Nb6 6.Bb3 Nc6 7.Ne2 Bf5 8.Nbc3 e6
9.a3 Be7 10.O-O Qd7 11.Ba2 O-O 12.Be3 Rad8 13.b4 a6 14.Qc1 Bd3 15.Rd1 Bxe2
16.Nxe2 Nd5 17.Ng3 a5 18.b5 Na7 19.a4 c6 20.Nh5 Kh8 21.Bxd5 exd5 22.Bg5 cxb5
23.Rd3 Rc8 24.Qf4 Rc6 25.Rg3  1/2-1/2

[Event "TCh-CHN"]
[Site "Shanghai CHN"]
[Date "2010.07.25"]
[Round "8"]
[White "Zhou Weiqi"]
[Black "Wang Li"]
[Result "1/2-1/2"]
[WhiteElo "2584"]
[BlackElo "2383"]

1.d4 d5 2.c4 dxc4 3.e4 e5 4.Nf3 Nf6 5.Nbd2 exd4 6.Bxc4 Be7 7.e5 Nd5 8.Qb3 c6
9.Nxd4 O-O 10.O-O Nb6 11.N2f3 Nxc4 12.Qxc4 c5 13.Nb5 Be6 14.Qf4 Nc6 15.Qg3 Qd3
16.a4 Rad8 17.Bf4 Qg6 18.Bc1 Qd3 19.Bf4 Qg6 20.Qxg6 hxg6 21.Ng5 Nd4 22.Nxd4 Rxd4
23.Nxe6 fxe6 24.Be3 Rd5 25.f4 Rfd8 26.Rac1 Kf7 27.Rc3 b6 28.Kf2 Ke8 29.Ke2 Kd7
30.g3 Rb8 31.h4 Kc6 32.Rfc1 a5 33.Kf3 b5 34.axb5+ Rxb5 35.b3 Rd7 36.Ra1 Rdb7
37.Ra3 Rd7 38.Ke2 Rd8 39.Bd2 Rd7 40.Be1 Rd8 41.Bf2 Rd7 42.Rc2 Rdb7 43.Rc3 Rd7
44.Ra2 Rdb7 45.Ra3  1/2-1/2

[Event "21st Czech GM Open"]
[Site "Pardubice CZE"]
[Date "2010.07.27"]
[Round "5"]
[White "Kononenko,Dmitry1"]
[Black "Wiley,To"]
[Result "1-0"]
[WhiteElo "2590"]
[BlackElo "2295"]

1.d4 d5 2.c4 dxc4 3.e4 Nc6 4.Nf3 Bg4 5.d5 Ne5 6.Bf4 Ng6 7.Be3 e5 8.Bxc4 Bd6
9.Bb5+ Ke7 10.Nc3 Nf6 11.Be2 a6 12.Nd2 Bd7 13.f3 Re8 14.a4 Kf8 15.Nc4 Bb4
16.g3 Qe7 17.a5 Bc5 18.Qd2 Rad8 19.O-O Kg8 20.Rfd1 Bc8 21.Bxc5 Qxc5+ 22.Qe3 Qxe3+
23.Nxe3 Rf8 24.b4 Ne8 25.b5 axb5 26.Nxb5 Bd7 27.Rdc1 c6 28.dxc6 Bxc6 29.Na7 Bd7
30.Rab1 Nd6 31.Nc4 Nxc4 32.Bxc4 Be6 33.Rxb7 Bxc4 34.Rxc4 Rd1+ 35.Kg2 Rfd8
36.Rc8 Rxc8 37.Nxc8 Ra1 38.Ne7+ Kf8 39.Nd5 f6 40.Ra7 h5 41.a6 Kg8 42.Nb4  1-0

[Event "Tch-POR 1st Div Final"]
[Site "Vila Nova de Gaia POR"]
[Date "2010.08.01"]
[Round "9.7"]
[White "Correia,J"]
[Black "Rocha,S"]
[Result "0-1"]
[WhiteElo "1656"]
[BlackElo "2431"]

1.d4 d5 2.c4 dxc4 3.e4 Nf6 4.Nc3 e6 5.Nf3 a6 6.Bxc4 b5 7.Bd3 Bb7 8.Qc2 h6
9.O-O Be7 10.Rd1 Nbd7 11.a3 c5 12.dxc5 Bxc5 13.b4 Bb6 14.Bb2 Rc8 15.Qe2 Ng4
16.Rf1 Nge5 17.Nxe5 Nxe5 18.Rfd1 Qg5 19.h3 O-O 20.Rac1 Rfd8 21.a4 bxa4 22.Nxa4 Nxd3
23.Rxc8 Bxf2+ 24.Kf1 Rxc8 25.Rxd3 Bg3 26.Nc5 Bc6 27.Rxg3 Qxg3 28.Qxa6 Rd8
29.Qe2 Bb5 30.Qxb5 Rd2 31.Qe8+ Kh7 32.Qxf7 Qxg2+  0-1

[Event "Politiken Cup"]
[Site "Copenhagen DEN"]
[Date "2010.08.03"]
[Round "5"]
[White "Antonsen,M"]
[Black "Haubro,S"]
[Result "1-0"]
[WhiteElo "2463"]
[BlackElo "2166"]

1.d4 d5 2.c4 dxc4 3.e4 Nf6 4.e5 Nd5 5.Bxc4 Nb6 6.Bd3 Nc6 7.Be3 Be6 8.Nc3 Qd7
9.Nf3 O-O-O 10.O-O Bf5 11.Bxf5 Qxf5 12.Qe2 h5 13.a4 a5 14.Nb5 e6 15.Rfc1 Bb4
16.d5 Nxd5 17.Rxc6 bxc6 18.Nbd4 Qg6 19.Qa6+ Kd7 20.Qxc6+ Ke7 21.Bg5+ f6 22.exf6+ gxf6
23.Qxe6+ Kf8 24.Ne5 Qh7 25.Bh6+ Qxh6 26.Qf7+  1-0

[Event "49th WJun"]
[Site "Chotowa POL"]
[Date "2010.08.05"]
[Round "3"]
[White "Andersen,Mad"]
[Black "Janus,P"]
[Result "1-0"]
[WhiteElo "2382"]
[BlackElo "2085"]

1.d4 d5 2.c4 dxc4 3.e4 e5 4.Nf3 exd4 5.Bxc4 Nc6 6.O-O Bg4 7.Qb3 Be6 8.Bxe6 fxe6
9.Qxb7 Nge7 10.Qb3 Qd7 11.Ng5 Nd8 12.Na3 Nec6 13.Nc4 Be7 14.Nf3 Nf7 15.Bf4 O-O
16.Bg3 Rfd8 17.a3 Rab8 18.Qd3 a5 19.Rac1 a4 20.Nfd2 Bd6 21.f4 e5 22.f5 Be7
23.h4 Bf6 24.Bf2 Nd6 25.Nxd6 cxd6 26.Qc4+ Kf8 27.Qxc6 Qxc6 28.Rxc6 Rxb2 29.Rd1 Ra2
30.g4 h6 31.Nc4 d5 32.exd5 Rxd5 33.Re6 Rc5 34.Nd6 Be7 35.Ne4 Rb5 36.Rc1 Rb8
37.Rxe5 d3 38.Rd1 Rd8 39.Bc5  1-0

[Event "7th CHN-RUS"]
[Site "Ningbo CHN"]
[Date "2010.08.05"]
[Round "1"]
[White "Bu Xiangzhi"]
[Black "Rublevsky,S"]
[Result "1/2-1/2"]
[WhiteElo "2676"]
[BlackElo "2688"]

1.d4 d5 2.c4 dxc4 3.e4 e5 4.Nf3 Bb4+ 5.Bd2 Bxd2+ 6.Nbxd2 exd4 7.Bxc4 Qf6
8.Nb3 Nc6 9.Nfxd4 Nge7 10.Nb5 O-O 11.Nxc7 Rb8 12.O-O Qe5 13.Nb5 Qxe4 14.Rc1 Qg6
15.Re1 Nf5 16.Qf3 a6 17.Nc3 Nfd4 18.Nxd4 Nxd4 19.Qe3 Nc6 20.Nd5 Bd7 21.Qf4 Qg4
22.Qc7 Rfc8 23.Qd6 Rd8 24.Ne7+ Kh8 25.Bxf7 Nxe7 26.Rxe7 Bc6 27.Qg3 Qxg3 28.hxg3 Rd2
29.b4 Rbd8 30.Bc4 h6 31.Rf7 Re8 32.a3 Rd6 33.Kh2 Kh7 34.Rc3 Re1 35.Rf8 g5
36.g4 Be8 37.Bb3 Rc6 38.Rd3 Rc7 39.Rd6 Kg7 40.Rff6 Rc3 41.Bd5 Rxa3 42.Rxh6 Ra4
43.Rhe6 Rxe6 44.Rxe6 Bb5 45.Re7+ Kf6 46.Rf7+ Kg6 47.Rxb7 Rxb4 48.Rb6+ Kg7
49.f3 a5 50.Be4 Kf7 51.Bd5+ Kg7 52.Rb7+ Kf6 53.Kg3 Bf1 54.Rf7+ Kg6 55.Rf8 Rb2
56.f4 gxf4+ 57.Rxf4 Bb5 58.Rf8 Rd2 59.Be4+ Kg7 60.Rb8 Bc4 61.Ra8 Rd4 62.Bf3 Be6
63.Rxa5 Rd7 64.Ra6 Bf7 65.Be4 Re7 66.Bf5 Rc7 67.Kh4 Re7 68.Kg5 Rc7 69.Rh6 Ra7
70.Rh7+ Kf8 71.Bd3 Rc7 72.Be4 Rd7 73.Bg6 Rd5+ 74.Bf5 Bg8 75.Ra7 Rd6 76.Kf4 Rb6
77.Kg5 Bf7 78.Bd3 Bd5 79.g3 Bf7 80.Rc7 Kg8 81.Be4 Rd6 82.Bc6 Rd3 83.Be4 Rd6
84.Kf5 Rb6 85.Bc6 Rb2 86.Kg5 Rc2 87.Kf6 Rf2+ 88.Ke5 Rc2 89.g5 Kf8 90.Rc8+ Kg7
91.Kd4 Rc4+ 92.Ke5 Rc5+ 93.Kf4 Rc4+  1/2-1/2

[Event "49th WJun"]
[Site "Chotowa POL"]
[Date "2010.08.07"]
[Round "5"]
[White "Swiercz,D"]
[Black "Nabaty,T"]
[Result "1-0"]
[WhiteElo "2492"]
[BlackElo "2523"]

1.d4 d5 2.c4 dxc4 3.e4 c5 4.d5 Nf6 5.Nc3 e6 6.Bxc4 exd5 7.Nxd5 Nxd5 8.Bxd5 Be7
9.Nf3 Nd7 10.O-O Nf6 11.Qa4+ Bd7 12.Qd1 Bc8 13.Qa4+ Bd7 14.Qb3 Nxd5 15.exd5 O-O
16.Re1 b5 17.Bf4 c4 18.Qc3 Rc8 19.a3 Re8 20.Ne5 Bf6 21.Qf3 Bf5 22.Bg3 Bxe5
23.Bxe5 Bd3 24.d6 Qd7 25.Qd5 Rcd8 26.Re3 h6 27.Rg3 g6 28.Re3 Re6 29.Rae1 Kh7
30.h3 Rde8 31.Bc3 Bf5 32.Qd4 Rg8 33.Rxe6 Bxe6 34.Re5 g5 35.Rc5 a6 36.Rc7 Qd8
37.Qe5 Kg6 38.Re7  1-0

[Event "19th Open"]
[Site "Kavala GRE"]
[Date "2010.08.07"]
[Round "9"]
[White "David,Alb"]
[Black "Danielian,E"]
[Result "1/2-1/2"]
[WhiteElo "2622"]
[BlackElo "2431"]

1.d4 d5 2.c4 dxc4 3.e4 Nf6 4.e5 Nd5 5.Bxc4 Nb6 6.Bd3 Nc6 7.Ne2 Be6 8.Nbc3 Qd7
9.Ne4 Bd5 10.O-O e6 11.a3 O-O-O 12.Be3 Bc4 13.Bxc4 Nxc4 14.Qc2 Nb6 15.b4 f5
16.exf6 gxf6 17.Nxf6 Qg7 18.b5 Ne7 19.Bf4 Ng6 20.Bg5 Qf7 21.a4 h6 22.a5 hxg5
23.axb6 Bd6 24.Rfc1 Qxf6 25.Qxc7+ Bxc7 26.Rxc7+ Kb8 27.Rxa7 Rxd4 28.Raxb7+ Ka8
29.Ra7+ Kb8 30.Nxd4  1/2-1/2

[Event "FSIMB August"]
[Site "Budapest HUN"]
[Date "2010.08.08"]
[Round "2"]
[White "Erdelyi,Z"]
[Black "Maryasin,B"]
[Result "1-0"]
[WhiteElo "2336"]
[BlackElo "2339"]

1.d4 d5 2.c4 dxc4 3.e4 Nc6 4.Nf3 Bg4 5.d5 Ne5 6.Bf4 Ng6 7.Be3 Nf6 8.Nc3 e5
9.Bxc4 Bd6 10.h3 Bd7 11.O-O Nh5 12.Bb5 Nhf4 13.Qa4 a6 14.Bxd7+ Qxd7 15.Qxd7+ Kxd7
16.Rfd1 f6 17.h4 Ne7 18.g3 Nh5 19.Rac1 f5 20.exf5 Nf6 21.Na4 Rae8 22.Nc5+ Kc8
23.Ne6 Nexd5 24.Nxg7 Re7 25.Bg5 Kb8 26.Rxd5 Nxd5 27.Bxe7 Nxe7 28.Re1 Nc6
29.g4 Rf8 30.Ng5 Nd4 31.Kg2 Rg8 32.f6 h6 33.Nf7 Rf8 34.Nxd6 cxd6 35.g5 hxg5
36.hxg5 Kc7 37.f4 exf4 38.g6 f3+ 39.Kf2 Rh8 40.Ne6+  1-0

[Event "Politiken Cup"]
[Site "Copenhagen DEN"]
[Date "2010.08.08"]
[Round "10"]
[White "Eljanov,P"]
[Black "Ganguly,S"]
[Result "1-0"]
[WhiteElo "2755"]
[BlackElo "2655"]

1.d4 d5 2.c4 dxc4 3.e4 e5 4.Nf3 exd4 5.Bxc4 Nc6 6.O-O Be6 7.Bb5 Bc5 8.b4 Bb6
9.a4 a6 10.Bxc6+ bxc6 11.a5 Ba7 12.Bb2 Nf6 13.Bxd4 Nxe4 14.Bxa7 Qxd1 15.Rxd1 Rxa7
16.Nd4 Rb7 17.Nxc6 O-O 18.f3 Nd6 19.Nc3 Bd7 20.Nd5 Re8 21.Rac1 Kf8 22.Rc5 Nb5
23.Kf2 Be6 24.Nf4 Bc8 25.h4 Nd6 26.Nd5 Nb5 27.Nd4 Nxd4 28.Rxd4 Rd8 29.Re4 Bf5
30.Rf4 c6 31.Nb6 Bd3 32.Rxc6 Re7 33.g4 Re2+ 34.Kg3 Rb2 35.Rc7 f6 36.Nd7+ Ke8
37.Nc5  1-0

[Event "XIV Republica"]
[Site "Villa Martelli ARG"]
[Date "2010.08.12"]
[Round "9"]
[White "Fusco,L"]
[Black "Slipak,S"]
[Result "1/2-1/2"]
[WhiteElo "2383"]
[BlackElo "2440"]

1.d4 d5 2.c4 dxc4 3.e4 e5 4.Nf3 exd4 5.Bxc4 Nc6 6.O-O Nf6 7.Qb3 Qd7 8.Bd2 Ng4
9.e5 Qf5 10.Bd3 Qe6 11.Bc4 Qf5 12.Bd3 Qe6  1/2-1/2

[Event "49th WJun"]
[Site "Chotowa POL"]
[Date "2010.08.14"]
[Round "11"]
[White "Volodin,Alek"]
[Black "Nabaty,T"]
[Result "0-1"]
[WhiteElo "2422"]
[BlackElo "2523"]

1.d4 d5 2.c4 dxc4 3.e4 e5 4.Nf3 Bb4+ 5.Bd2 Bxd2+ 6.Nbxd2 exd4 7.Bxc4 c5 8.O-O Nc6
9.e5 Nge7 10.Ne4 O-O 11.Nxc5 Qb6 12.Nb3 Bg4 13.Re1 Ng6 14.e6 Nce5 15.exf7+ Kh8
16.Be2 d3 17.Nxe5 Bxe2 18.Nd7 Qc6 19.Nxf8 Nf4 20.f3 Bxd1 21.Nd4 Ne2+  0-1

[Event "SCCF State Championship"]
[Site "Los Angeles USA"]
[Date "2010.08.14"]
[Round "2"]
[White "Wang,Ph"]
[Black "Gupta,Ank"]
[Result "1/2-1/2"]
[WhiteElo "2293"]
[BlackElo "2204"]

1.d4 d5 2.c4 dxc4 3.e4 c5 4.d5 Nf6 5.Nc3 b5 6.Bf4 Qa5 7.Bd2 Nbd7 8.Nf3 Ng4
9.Be2 b4 10.Nb1 Ba6 11.O-O g6 12.Bc1 Nge5 13.Nfd2 Bg7 14.f4 Nd3 15.Nxc4 Bd4+
16.Kh1 Bxc4 17.Bxd3 Bxd3 18.Qxd3 a6 19.a4 O-O 20.Nd2 Qc7 21.a5 f5 22.e5 Qb7
23.Qc4 Qb5 24.Qxb5 axb5 25.Nf3 Nb6 26.Nxd4 cxd4 27.Rd1 Nxd5 28.Rxd4 e6 29.Bd2 Rfc8
30.Bxb4 Ne3 31.Bc3 Nc2 32.Rdd1 Nxa1 33.Rxa1 Rc4 34.g3 b4 35.Ra4 Rb8 36.a6 bxc3  1/2-1/2

[Event "Manhem Chess Week GM"]
[Site "Gothenburg SWE"]
[Date "2010.08.17"]
[Round "8"]
[White "Ivanov,MM"]
[Black "Rasmussen,A"]
[Result "0-1"]
[WhiteElo "2486"]
[BlackElo "2510"]

1.d4 d5 2.c4 dxc4 3.e4 Nf6 4.e5 Nd5 5.Bxc4 Nb6 6.Bb3 Nc6 7.Ne2 Bf5 8.Nbc3 e6
9.O-O Qd7 10.Be3 O-O-O 11.Rc1 Kb8 12.Na4 Be7 13.Nc5 Qc8 14.Na6+ Ka8 15.Bc2 Bxc2
16.Qxc2 Nd5 17.a3 Qd7 18.b4 Rc8 19.Nc5 Bxc5 20.bxc5 f5 21.Rfd1 Rhg8 22.Rb1 g5
23.Rd3 Rb8 24.Rdb3 a6 25.Bd2 Na7 26.Qc4 Qc6 27.Nc1 h5 28.Nd3 h4 29.Nb2 g4
30.Qd3 h3 31.Qf1 f4 32.Nc4 Nb5 33.Na5 Qe8 34.Rxb5 hxg2 35.Qc4 g3 36.Rxb7 gxh2+  0-1

[Event "SCCF State Championship"]
[Site "Los Angeles USA"]
[Date "2010.08.21"]
[Round "6"]
[White "Wang,Ph"]
[Black "Lakdawala,C"]
[Result "1/2-1/2"]
[WhiteElo "2293"]
[BlackElo "2415"]

1.d4 d5 2.c4 dxc4 3.e4 b5 4.a4 c6 5.axb5 cxb5 6.Nc3 Bd7 7.d5 e5 8.dxe6 Bxe6
9.Qxd8+ Kxd8 10.Nxb5 Bb4+ 11.Bd2 Bxd2+ 12.Kxd2 Nc6 13.Nf3 Nf6 14.Ng5 Ke7
15.Nxe6 fxe6 16.f3 Rhb8 17.Bxc4 a6 18.Nc7 Ra7 19.Nxa6 Rxb2+ 20.Kc3 Rxg2 21.Rhg1 Rxg1
22.Rxg1 g6 23.Be2 e5 24.Bc4 Nd4 25.Rf1 Nh5 26.f4 Nc6 27.fxe5 Nxe5 28.Be2 Nf6
29.Kd4 Nfd7 30.Rc1 Rb7 31.Nc7 Rb4+ 32.Bc4 Rb2 33.h3 Rd2+ 34.Kc3 Nxc4 35.Kxc4 Ne5+
36.Kb3 Re2 37.Nd5+ Kd6 38.Nf6 h5 39.Rc2 Re1 40.Kb2 Ke6 41.Nh7 Nd3+ 42.Kc3 Nf4
43.Kd4 Rd1+ 44.Ke3 Nxh3 45.Rh2 Re1+ 46.Kd2 Rxe4  1/2-1/2

[Event "6th Prospero A Pichay Cup"]
[Site "Manila PHI"]
[Date "2010.08.24"]
[Round "6"]
[White "Bhagwat,V"]
[Black "Qiu,T"]
[Result "1-0"]
[WhiteElo "2175"]
[BlackElo "2289"]

1.d4 d5 2.c4 dxc4 3.e4 e5 4.Nf3 exd4 5.Bxc4 Nc6 6.O-O Be6 7.Bb5 Bc5 8.b4 Bb6
9.a4 a5 10.bxa5 Rxa5 11.Bb2 Ne7 12.Ng5 O-O 13.Nxe6 fxe6 14.Nd2 Ra8 15.Ra3 Ng6
16.Qg4 Qf6 17.Bc4 Rae8 18.Rf3 Qe5 19.Rf5 Qd6 20.Qd1 Kh8 21.Rxf8+ Rxf8 22.g3 Qb4
23.Qc2 Nge5 24.Kg2 Ba5 25.Bc1 Qc3 26.Qb3 Nxc4 27.Qxc4 Qxc4 28.Nxc4 Bc3 29.Bf4 Rf7
30.Rb1 Nb4 31.Ne5 Re7 32.Rb3 c5 33.h4 Kg8 34.h5 Re8 35.Nc4 Ra8 36.a5 Ra7
37.Bb8 Ra8 38.Bd6 Rc8 39.f4 Be1 40.Kf1 Bc3 41.g4 g6 42.h6 Kf7 43.Be5 Ke7
44.g5 Rc6 45.Bf6+ Kf8 46.Kg2 Ra6 47.Ne5 Kg8 48.Bd8 Ra8 49.Bc7 Rc8 50.Bd6 Ra8
51.Nd7 d3 52.Kf3 d2 53.Ke2 Rd8 54.Rxc3 Rxd7 55.e5 Nc6 56.Rxc5 Nd4+ 57.Kd1 Rd8
58.Rc4 Nf5 59.Kxd2 Nxd6 60.exd6 Rxd6+ 61.Ke3 Rd7 62.Rc8+ Kf7 63.Rh8 Rd5 64.Rxh7+ Kg8
65.Rg7+ Kh8 66.Rxg6  1-0

[Event "9th Open"]
[Site "Istanbul TUR"]
[Date "2010.08.27"]
[Round "8"]
[White "Bigaliev,R"]
[Black "Karpatchev,A"]
[Result "1/2-1/2"]
[WhiteElo "2412"]
[BlackElo "2476"]

1.d4 d5 2.c4 dxc4 3.e4 Nc6 4.Nf3 Bg4 5.Be3 Nf6 6.Nc3 e6 7.Bxc4 Bb4 8.Qc2 O-O
9.Rd1 Bxf3 10.gxf3 Nh5 11.e5 Ne7 12.Bg5 Qd7 13.Qe4 Nd5 14.Qg4 f6 15.Bxd5 Qxd5
16.Bh6 Kh8 17.Qxh5 gxh6 18.Rg1 f5 19.Qxh6 Rf7 20.Qh5 Raf8 21.Kf1 Bxc3 22.bxc3 Qxa2
23.f4 Qd5 24.Rd3 Qb5 25.Rg3 c6 26.Kg1 a5 27.Qh6 Qc4 28.d5 cxd5 29.Qxe6 Qc6
30.Qxd5 Qxd5 31.Rxd5 b6 32.c4 Rc7 33.Rb3 Rc6 34.Rd6 Rxc4 35.Rbxb6 Rxf4 36.Rb7 Re8
37.h3 Rh4 38.Kh2 f4 39.Rf6 Rh5 40.e6 Re5 41.Rh6 R8xe6 42.Rhxh7+ Kg8 43.Rbg7+ Kf8
44.Ra7 Kg8 45.Rhg7+ Kh8 46.Rgf7 Kg8 47.Rxf4 Re7 48.Ra6 R7e6 49.Ra8+ Re8 50.Ra7 R8e7
51.Rxe7 Rxe7 52.Ra4 Re5 53.f4 Rb5 54.Kg3 Kf7 55.Kg4 Kg6 56.h4 Rc5 57.Rd4 Rc6
58.Ra4 Rc5 59.Rd4  1/2-1/2

[Event "6th Geller Memorial Open A"]
[Site "Odessa UKR"]
[Date "2010.08.28"]
[Round "8"]
[White "Rakhmangulov,A"]
[Black "Bogdanovich,S"]
[Result "1-0"]
[WhiteElo "2394"]
[BlackElo "2464"]

1.d4 d5 2.c4 dxc4 3.e4 Nf6 4.e5 Nd5 5.Bxc4 Nb6 6.Bd3 Nc6 7.Ne2 Bg4 8.f3 Bh5
9.Nbc3 Qd7 10.Be3 Bg6 11.Bxg6 hxg6 12.Bf2 e6 13.O-O O-O-O 14.Ne4 Nd5 15.a3 f6
16.exf6 gxf6 17.b4 f5 18.Nc5 Bxc5 19.bxc5 g5 20.Qb3 Nf4 21.Nxf4 gxf4 22.Rab1 Na5
23.Qb4 Rdg8 24.Be1 Qh7 25.h4 Rg3 26.Bxg3 fxg3 27.d5 e5 28.d6 e4 29.Qxa5 b6
30.Qxa7  1-0

[Event "ch-RUS Higher League w"]
[Site "St Petersburg RUS"]
[Date "2010.08.28"]
[Round "3"]
[White "Shaydullina,S"]
[Black "Matveeva,S"]
[Result "0-1"]
[WhiteElo "2210"]
[BlackElo "2379"]

1.d4 d5 2.c4 dxc4 3.e4 Nf6 4.e5 Nd5 5.Bxc4 Nb6 6.Bd3 Nc6 7.Be3 Be6 8.Nc3 Qd7
9.Nge2 Nb4 10.Be4 Bf5 11.O-O Bxe4 12.Nxe4 e6 13.a3 N4d5 14.Rc1 Be7 15.Nc5 Bxc5
16.Rxc5 O-O 17.Bg5 Kh8 18.Qb3 a6 19.Qh3 f5 20.exf6 gxf6 21.Bh4 Nc8 22.Nc3 Nce7
23.Ne4 Rf7 24.Rfc1 c6 25.Re1 Rg8 26.Kh1 Rg6 27.Bg3 Nf5 28.Rc4 Re7 29.Nc5 Qc8
30.Nb3 Qg8 31.Qh5 Rg4 32.Rcc1 Reg7 33.Nc5 R7g5 34.Qh3 Qg6 35.Nxe6 Rh5 36.Nf8 Qg5
37.Ne6 Rxh3 38.Nxg5 Rhxg3 39.Re8+ Kg7 40.Ne6+ Kf7 41.Rf8+ Kxe6 42.hxg3 Rxd4
43.Re1+ Kd6 44.Rf7 Rd2 45.Rxb7 Rxf2 46.Rxh7 Rxb2 47.Ra7 Nde3 48.g4 Ng3+ 49.Kh2 Rxg2+
50.Kh3 Ne2 51.Rxe2 Rxe2 52.Rf7 Nd5 53.a4 Ra2 54.Kh4 Rxa4 55.Kh5 a5 56.Ra7 Ra1
57.Kg6 a4 58.Kf7 a3 59.Ra6 a2 60.Ra8 Nb4  0-1

[Event "17th Open A"]
[Site "Graz AUT"]
[Date "2010.08.30"]
[Round "3"]
[White "Zankl,T"]
[Black "Strobel,M"]
[Result "1-0"]
[WhiteElo "2122"]
[BlackElo "2086"]

1.d4 d5 2.c4 dxc4 3.e4 e5 4.d5 Bc5 5.Nf3 Bg4 6.Bxc4 Nd7 7.O-O Ngf6 8.Bg5 h6
9.Bxf6 Qxf6 10.Nbd2 O-O 11.Qc2 Bb6 12.Bb5 c6 13.dxc6 Rac8 14.h3 Be6 15.Rfd1 bxc6
16.Bc4 Rfd8 17.Bxe6 Qxe6 18.Nc4 Bc7 19.Rac1 Nb6 20.Rxd8+ Rxd8 21.Na5 c5 22.b3 Bd6
23.Rd1 Rc8 24.Qd3 Be7 25.Qa6 Rc7 26.Qb5 Rc8 27.Nc4 f6 28.Nh4 Nxc4 29.bxc4 a6
30.Qb7 Re8 31.Rd7 g5 32.Nf5 Kf8 33.Ne3 Rd8 34.Rxd8+ Bxd8 35.Qh7 Qf7 36.Qxh6+ Qg7
37.Qxg7+ Kxg7 38.Kf1 Ba5 39.Ke2 Bc3 40.Nd5 Ba5 41.Kf3 Kg6 42.Kg4 Be1 43.f3 Bf2
44.Nc7 a5 45.a4 Be1 46.Nd5 Bf2 47.Ne7+ Kf7 48.Nc6 Be1 49.Kf5 Bd2 50.Na7  1-0

[Event "ch-RUS Higher League w"]
[Site "St Petersburg RUS"]
[Date "2010.08.31"]
[Round "6"]
[White "Romanko,M"]
[Black "Matveeva,S"]
[Result "1/2-1/2"]
[WhiteElo "2411"]
[BlackElo "2379"]

1.d4 d5 2.c4 dxc4 3.e4 Nf6 4.e5 Nd5 5.Bxc4 Nb6 6.Bb3 Nc6 7.Nf3 Bg4 8.Bxf7+ Kxf7
9.Ng5+ Ke8 10.Qxg4 Qxd4 11.Qe2 Qc4 12.Nc3 Qxe2+ 13.Kxe2 Nd4+ 14.Kd3 Rd8 15.Ke4 h6
16.Nf3 Nxf3 17.Kxf3 e6 18.Ke2 Nc4 19.f4 Bb4 20.Nb1 Kf7 21.b3 Nb6 22.Ba3 a5
23.Bb2 Nd5 24.g3 Rd7 25.a3 Be7 26.Nc3 Rhd8 27.Ne4 Nb6  1/2-1/2

[Event "ch-RUS Higher League w"]
[Site "St Petersburg RUS"]
[Date "2010.08.31"]
[Round "6"]
[White "Savina,A"]
[Black "Bezgodova,M"]
[Result "1/2-1/2"]
[WhiteElo "2392"]
[BlackElo "2170"]

1.d4 d5 2.c4 dxc4 3.e4 e5 4.Nf3 exd4 5.Bxc4 Bb4+ 6.Nbd2 Nc6 7.O-O Nf6 8.e5 Nd5
9.Nb3 Nb6 10.Bb5 O-O 11.Bxc6 bxc6 12.Nbxd4 Qd5 13.Qc2 c5 14.Nf5 c4 15.Ne3 Qd3
16.Rd1 Qg6 17.Qxg6 hxg6 18.Bd2 Bc5 19.Rdc1 Be6 20.Ng5 Bxe3 21.Bxe3 Bd5 22.Nh3 Rfe8
23.Bd4 Rad8 24.Nf4 g5 25.Nxd5 Rxd5 26.Bxb6 cxb6 27.Rxc4 Rdxe5  1/2-1/2

[Event "TCh-FIN 2010-11"]
[Site "Tampere FIN"]
[Date "2010.09.17"]
[Round "2.2"]
[White "Volodin,Alek"]
[Black "Westerinen,H"]
[Result "1-0"]
[WhiteElo "2433"]
[BlackElo "2365"]

1.d4 d5 2.c4 dxc4 3.e4 e5 4.Nf3 Nf6 5.Nbd2 exd4 6.Bxc4 Be7 7.O-O O-O 8.e5 Nd5
9.Ne4 Nb6 10.Bd3 Nc6 11.Bf4 Bg4 12.h3 Bxf3 13.Qxf3 Qd5 14.Qg3 Kh8 15.Rfe1 Rae8
16.a3 Nd7 17.Nd2 Nc5 18.Bc4 Qd7 19.b4 Ne6 20.Nf3 a5 21.b5 Ncd8 22.a4 Nxf4
23.Qxf4 Ne6 24.Bxe6 fxe6 25.Qe4 Rd8 26.Qxb7 Bc5 27.Rac1 Bb6 28.Red1 Qe7 29.Qe4 Rd5
30.Rd3 Rfd8 31.Rc6 h6 32.Nh4 Kg8 33.Ng6 Qd7 34.Nf4 Rc5 35.Rxe6 Rc1+ 36.Kh2 Rf8
37.Rg3 Rf1 38.Reg6 Rxf2 39.Ne6 R8f7 40.Qa8+ Kh7 41.Rxh6+  1-0